000 00898nas a2200301 4500
001 BR7311138
003 BR-BrBNA
005 20231205082716.0
007 ta
008 230509b bl.|||p| |||| 00| 00por d
040 _aBR-BrBNA
_bpor
_cBiblioteca Nacional de Agricultura
041 _a(Pt)
072 _aL30
100 1 _aAssis, A.G. de
100 1 _aCampos, O.F. de
100 1 _aSousa, R.M. de
100 1 _aVillaca, H. de A.
100 1 _aMoraes, J.M. de
245 1 _aSubstituicao parcial da torta de algodao pela cama de galinheiro em racoes para vacas em lactacao, em regime de pasto
650 _aVACA
650 _aRACAO
650 _aTORTA
650 _aALGODAO
650 _aCAMA DE GALINHEIRO
773 0 _tRevista Ceres (Brazil)
_xISSN 0034-737X
_g(Nov-Dec 1973), v. 20(112) p. 445-454
_wBR7311138
909 _a202311
_bLúcia
_c55
_dLúcia Elande
942 _2AGRIS
_n0
_cANA
999 _c93766
_d93766